• 首页
  • 本馆介绍
  • 公告通知
  • 最新文献
  • 馆藏检索
  • 电子资源
  • 读者导购
  • 参考咨询
  • 我的图书馆
  • 登录
  • 详细信息显示
  • 放入我的书架
  • 预约/预借图书
  • 作者相关作品
  • 分类相关作品
  • 丛书相关作品
  • 出版社相关作品

书目信息

  • 表格格式
  • 工作单格式
  • 卡片格式
题名:
关于目的的哲学
    
 
作者: 夏甄陶 著
分册:  
出版信息: 上海   上海人民出版社  1982
页数: 517页
开本: 19cm
丛书名:
单 册:
中图分类: B025.9
科图分类:
主题词: 辩证法基本范畴
电子资源:
ISBN:
000 00600nam0 2200229 45
001 0182006349
005 20060509093807.84
010    @dCNY1.35
091    @a2074.398
100    @a19950703d1982 emky0chiy0121 ea
101 0  @achi
102    @aCN@b310000
105    @ay z 000yy
200 10 @a关于目的的哲学@Aguan yu mu di de zhe xue@f夏甄陶著@FXia Zhen Tao Zhu
210    @a上海@c上海人民出版社@d1982
215    @a517页@d19cm
606    @a辩证法基本范畴
690    @aB025.9@v3
701  0 @a夏甄陶@4著
801  2 @aCN@bNLC@c20060509
801  0 @aCN@b上海图书馆@c20050318
905    @dB025.9@e44
    
    关于目的的哲学/夏甄陶著.-上海:上海人民出版社,1982
    517页;19cm
    
    
    ISBN :CNY1.35
    
●
相关链接 在E读中查询图书 在五车中查询图书 在当当中查询图书 在豆瓣中查询图书


正题名:关于目的的哲学     索取号:B025.9/44         预约/预借

序号 登录号 条形码 馆藏地/架位号 状态 备注
1 0172478   001980994   第一借阅区/ [索取号:B025.9/44] 在馆    
2 0172479   202315495   密集书库/ [索取号:B025.9/44] 在馆    
3 0172480   001114911   第一样本阅览室/ [索取号:B025.9/44] 在馆    
唐山师范学院图书馆 欢迎您!
大连网信软件有限公司© 版权所有